000 00679cam a2200205 a 4500
020 _a0803952317 (cl)
020 _a0803952325 (pb)
040 _cDLC
082 0 0 _a302 SAG 1994 A075 Or.
245 0 0 _aSpeaking about writing :
_breflections on research methodology /
260 _aThousand Oaks, Calif. :
_bSage Publications,
_cc1994.
300 _axix, 307 p. :
_bill. ;
_c23 cm.
650 0 _aRhetoric.
650 0 _aWritten communication.
650 0 _aReport writing.
700 1 _aSmagorinsky, Peter.
856 4 2 _uhttp://www.loc.gov/catdir/enhancements/fy0655/94003895-d.html
856 4 1 _uhttp://www.loc.gov/catdir/enhancements/fy0655/94003895-t.html
942 _cEK
999 _c15315
_d15315